000 00769nam a2200241 i 4500
001 13638
003 ES-MaACL
005 20251017120313.0
007 t|
008 980526s1962 ag ||||1| spa d
080 _a860(83)Mistral, Gabriela 1.06
080 _a929 Mistral, Gabriela
100 1 _aLadrón de Guevara, Matilde.
_969448
245 1 0 _aGabriela Mistral, rebelde magnífica /
_cMatilde Ladrón de Guevara.
260 _aBuenos Aires :
_bLosada,
_c1962.
300 _a189 p. ;
_c18 cm.
490 1 _aBiblioteca contemporanea ;
_v165
600 1 4 _aMistral, Gabriela,
_d1889-1957
_9242376
830 0 0 _aBiblioteca contemporánea (Losada)
_v165
_9230032
852 _aES-MaACL
_jL-20996
_bR.113285
942 _2udc
999 _c13638
_d13638